00482nam a2200157Ia 4500003000400000005001700004008004100021040001800062041000800080082001500088100004800103245009100151260002200242600003000264650003000294OSt20260325171502.0211028s2007 xx 000 0 und d cAIMIT LIBRARY aeng a658.3 PINR aPinto, Renita Reyona;P G Aquinas.g50971367 aA study on employee satisfaction regarding employee benefits provided by Vijaya Bank / bP G Aquinasc2007 aHuman Resource Management aHuman Resource Management